Cato Maior de Senectute, Laelius de Amicitia et Paradoxa

Saved in:
Bibliographic Details
Main Author: Cicero, Marcus Tullius
Other Authors: Nobbe, Karl Friedrich August, 1791-1878 (Editor)
Format: Book
Language:Latin
Published: Liopsiae : Sumtibus et Typis Caroli Tauchnitil, 1849.
Series:Ciceronis opera ; 35
Subjects:
Tags: Add Tag
No Tags, Be the first to tag this record!

MARC

LEADER 00000cam a2200000 a 4500
001 1/108980
008 150930s1849####gw | ||| |||| ||lat||
040 |a GR-MyUa  |b gre  |c GR-MyUa  |e AACR2 
041 0 |a lat 
082 7 |a 875.01   |2 (23)  
100 1 |a Cicero, Marcus Tullius. 
245 1 0 |a Cato Maior de Senectute, Laelius de Amicitia et Paradoxa  |c edidit C. F. A. Nobbe.  
260 |a Liopsiae :   |b Sumtibus et Typis Caroli Tauchnitil,   |c 1849.  
300 |a 94 σ. ;   |c 14 εκ. 
490 1 |a (Ciceronis opera)   |v ; 35 
500 |a Στη σ.τ. σφραγίδα "Πορφυριάς Αστική Σχολή Καρλοβασίων" με αρ. 303. Σκισμένη η σελίδα πριν τη σ.τ.  
650 0 |a Speeches, addresses, etc., Latin. 
650 0 |a Oratory, Ancient. 
700 1 |a Nobbe, Karl Friedrich August,   |d 1791-1878,  |e edt 
830 0 |a Ciceronis opera ;  |v 35 
852 |a INST  |b SAMOS  |c PORFYRIADA  |e 20150930  |h 875.01 CIC  |p 005300042862  |q 005300042862  |t NOLOAN  |y 23 
970 |a Κοσιέρης   |b Χρήστος  |z 30/09/2015